| 000 | 00523cam a22001457a 4500 | ||
|---|---|---|---|
| 008 | 180718b1966 xxu||||| |||| 00| 0 eng d | ||
| 082 | _aU2403x54 B/1965 | ||
| 100 | _aJoint Committee on the Patents bill | ||
| 245 |
_aReport of the Joint Committee on the Patents bill, 1965 _cby Lok Sabha Secretariat, India |
||
| 260 |
_aNew Delhi _bLok Sabha Secretariat _c1966 |
||
| 300 | _a191+p. | ||
| 500 | _aChairman: S.V. Krishanmoorthy Rao | ||
| 700 | _aIndia. Lok Sabha Secretariat | ||
| 700 | _aRao, S.V. Krishnamoorthy (Chairman) | ||
| 999 |
_c490001 _d490001 |
||